| 000 | 00320 a2200121 4500 | ||
|---|---|---|---|
| 001 | 59064 | ||
| 082 |
_a530 _bHAL |
||
| 090 |
_c36169 _d36169 |
||
| 100 |
_aHalliday, David _aResnick, Robert |
||
| 245 | _aFundamentals of physics 4th E.D | ||
| 260 |
_aUSA _bJohn Wiley and Sons _c1993 |
||
| 300 |
_axxxii, 1360p. _exxxii, 1360p. |
||
| 942 |
_aNUST-CAE _k530HAL |
||
| 999 |
_c294137 _d294137 |
||